Groupes de 5 - Culture Générale - Statistiques

Statistiques générales
  • Ce quiz a été pris 258 fois
  • Le résultat moyen est 56 sur 135
Statistiques - réponses
Hint Réponse % Correct
Villes les plus peuplées du Royaume-Uni Londres
97%
Fleuves français Seine
95%
Fleuves français Rhône
94%
Couleurs des anneaux olympiques | Couleurs sur une cible de tir à l'arc Jaune
90%
Couleurs des anneaux olympiques | Couleurs sur une cible de tir à l'arc Noir
90%
Couleurs des anneaux olympiques | Couleurs sur une cible de tir à l'arc Rouge
90%
Couleurs des anneaux olympiques | Couleurs sur une cible de tir à l'arc Bleu
89%
Lettres qui valent 10 points au Scrabble Z
89%
Lettres qui valent 10 points au Scrabble K
88%
Lettres qui valent 10 points au Scrabble W
88%
Lettres qui valent 10 points au Scrabble Y
88%
Fleuves français Loire
87%
Fleuves français Rhin
85%
Lettres qui valent 10 points au Scrabble X
85%
Couleurs sur une cible de tir à l'arc Blanc
84%
Couleurs des anneaux olympiques Vert
82%
Pays ayant réussi un alunissage | Pays qui bordent la Mer Caspienne Russie
81%
Villes les plus peuplées du Royaume-Uni Manchester
80%
Membres de la famille Simpson (parents et enfants) Bart
79%
Fleuves français Garonne
79%
Membres de la famille Simpson (parents et enfants) Marge
79%
Membres de la famille Simpson (parents et enfants) Homer
78%
Pays ayant réussi un alunissage Etats-Unis
74%
Pays ayant réussi un alunissage Chine
71%
Membres de la famille Simpson (parents et enfants) Lisa
70%
Sports disponibles sur Wii Sports Tennis
69%
Signification des lettres de l’acronyme INSPE National
67%
Signification des lettres de l’acronyme INSPE Institut
66%
Quartiers de New-York Manhattan
61%
Les GAFAM Google
59%
Membres de la famille Simpson (parents et enfants) Maggie
59%
Les GAFAM Facebook
58%
Minerais qui peuvent activer un beacon dans Minecraft Or
57%
Quartiers de New-York Bronx
56%
Les GAFAM Microsoft
56%
Fratrie Shelby dans Peaky Blinders Finn
55%
Les GAFAM Amazon
54%
Pays ayant réussi un alunissage Japon
54%
Membres du MERCOSUR Brésil
53%
Quartiers de New-York Brooklyn
53%
Les GAFAM Apple
52%
Pays d’Europe dont plus de la moitié du territoire est de la forêt Finlande
52%
Villes les plus peuplées du Royaume-Uni Edimbourg
50%
Pays d’Europe dont plus de la moitié du territoire est de la forêt Suède
50%
Membres du MERCOSUR Argentine
48%
Sports disponibles sur Wii Sports Golf
48%
Frères et Sœurs de Zeus dans la mythologie grecque Poséidon
47%
Jouets qui vont secourir Woody dans Toy Story 2 Buzz
46%
Pays d’Europe dont plus de la moitié du territoire est de la forêt Estonie
45%
Pays d’Europe dont plus de la moitié du territoire est de la forêt Lettonie
44%
Villes les plus peuplées du Royaume-Uni Birmingham
43%
Membres originels des One Direction Harry Styles
43%
Ninjas protagonistes dans Lego Ninjago Zane
43%
Pays qui bordent la Mer Caspienne Kazakhstan
42%
Membres du MERCOSUR Paraguay
42%
Membres du MERCOSUR Uruguay
42%
Frères et Sœurs de Zeus dans la mythologie grecque Hadès
41%
Pays ayant réussi un alunissage Inde
41%
Membres du MERCOSUR Bolivie
40%
Minerais qui peuvent activer un beacon dans Minecraft Diamant
40%
Minerais qui peuvent activer un beacon dans Minecraft Fer
40%
Villes les plus peuplées du Royaume-Uni Glasgow
40%
Préfectures des départements des Pays de la Loire Nantes
40%
Pays qui bordent la Mer Caspienne Azerbaïdjan
39%
Sports disponibles sur Wii Sports Boxe
38%
Pays qui bordent la Mer Caspienne Iran
37%
Pays qui bordent la Mer Caspienne Turkménistan
35%
Frères et Sœurs de Zeus dans la mythologie grecque Héra
33%
Quartiers de New-York Queens
31%
Préfectures des départements des Pays de la Loire Angers
30%
Équipe d’enfants envoyée pour secourir Sasuke contre les sbires d’Orochimaru Naruto
29%
Membres originels des One Direction Zayn Malik
29%
Préfectures des départements des Pays de la Loire Le Mans
28%
Titre des différents Kage/Chefs de village dans Naruto Hokage
27%
Noms des films Indiana Jones Les aventuriers de l'arche perdue
27%
Sports disponibles sur Wii Sports Baseball
26%
Préfectures des départements des Pays de la Loire La-Roche-sur-Yon
26%
Les 5 cyclones dans Kung-Fu Panda Tigresse
26%
Membres originels des One Direction Liam Payne
25%
Pays d’Europe dont plus de la moitié du territoire est de la forêt Slovénie
25%
Minerais qui peuvent activer un beacon dans Minecraft Emeraude
24%
Fratrie Shelby dans Peaky Blinders Tommy
24%
Noms des films Indiana Jones Le Temple maudit
23%
Membres des Teen Titans Go Robin
23%
Noms des films Indiana Jones Le Royaume du crâne de cristal
21%
Jouets qui vont secourir Woody dans Toy Story 2 Zig Zag
21%
Préfectures des départements des Pays de la Loire Laval
20%
Fratrie Shelby dans Peaky Blinders Arthur
18%
Signification des lettres de l’acronyme INSPE Éducation
18%
Les 5 cyclones dans Kung-Fu Panda Grue
18%
Noms des films Indiana Jones La Dernière croisade
18%
Titre des différents Kage/Chefs de village dans Naruto Raikage
18%
Membres originels des One Direction Louis Tomlinson
17%
Jouets qui vont secourir Woody dans Toy Story 2 Mr. Patate
17%
Membres des Teen Titans Go Raven
17%
Jouets qui vont secourir Woody dans Toy Story 2 Rex
17%
Équipe d’enfants envoyée pour secourir Sasuke contre les sbires d’Orochimaru Shikamaru
17%
Les 5 cyclones dans Kung-Fu Panda Singe
17%
Signification des lettres de l’acronyme INSPE Supérieur
17%
Équipe d’enfants envoyée pour secourir Sasuke contre les sbires d’Orochimaru Choji
16%
Membres des Teen Titans Go Cyborg
16%
Frères et Sœurs de Zeus dans la mythologie grecque Demeter
16%
Titre des différents Kage/Chefs de village dans Naruto Kazekage
16%
Titre des différents Kage/Chefs de village dans Naruto Mizukage
16%
Quartiers de New-York Staten Island
16%
Sports disponibles sur Wii Sports Basketball
15%
Fratrie Shelby dans Peaky Blinders John
15%
Équipe d’enfants envoyée pour secourir Sasuke contre les sbires d’Orochimaru Neji
15%
Membres originels des One Direction Niall Horan
15%
Les 5 cyclones dans Kung-Fu Panda Vipère
15%
Équipe d’enfants envoyée pour secourir Sasuke contre les sbires d’Orochimaru Kiba
14%
Frères et Sœurs de Zeus dans la mythologie grecque Hestia
13%
Ninjas protagonistes dans Lego Ninjago Lloyd
12%
Les 5 cyclones dans Kung-Fu Panda Menthe
12%
Minerais qui peuvent activer un beacon dans Minecraft Netherite
12%
Signification des lettres de l’acronyme INSPE Professorat
12%
Ninjas protagonistes dans Lego Ninjago Cole
11%
Ninjas protagonistes dans Lego Ninjago Jay
11%
Membres des Teen Titans Go Starfire
11%
Titre des différents Kage/Chefs de village dans Naruto Tsushikage
11%
Membres des Teen Titans Go Changelin
10%
Jouets qui vont secourir Woody dans Toy Story 2 Bayonne
8%
Noms des films Indiana Jones Le Cadran de la destinée
8%
Fratrie Shelby dans Peaky Blinders Ada
4%
Filles dans le roman de F. Garcia Lorca "La Casa de Bernarda Alba" Adela
0%
Filles dans le roman de F. Garcia Lorca "La Casa de Bernarda Alba" Amelia
0%
Filles dans le roman de F. Garcia Lorca "La Casa de Bernarda Alba" Angustias
0%
Filles dans le roman de F. Garcia Lorca "La Casa de Bernarda Alba" Magdalena
0%
Filles dans le roman de F. Garcia Lorca "La Casa de Bernarda Alba" Martirio
0%
Ninjas protagonistes dans Lego Ninjago Ray
0%
Aucun quiz correspondant
Distribution des résultats
% des personnes avec chaque résultat
Percentile par nombre de réponses
Votre historique - résultats
Vous n’avez pas pris ce quiz